000
002570000a22000970004500
100
1
_a
James, Ross
245
1
0
_a
Prioridades del aprendizaje : El ABC del aprendizaje por radio
300
_a
Núm 35 (1998), Páginas 12-13
773
0
_t
Paso a paso
942
_c
ANA
999
_c
52393
_d
52393